[Event "Olympiad-42"]
[Site "Baku"]
[Date "2016.09.13"]
[Round "11.2"]
[White "El Jawich, Amro"]
[Black "Shaw, John"]
[Result "0-1"]
[WhiteElo "2260"]
[BlackElo "2454"]
[PlyCount "64"]
[EventDate "2016.09.02"]
[EventType "team-swiss"]
[EventRounds "11"]
[EventCountry "AZE"]
[SourceTitle "CBM 175"]
[Source "ChessBase"]
[SourceDate "2016.11.10"]
[SourceVersion "1"]
[SourceVersionDate "2016.11.10"]
[SourceQuality "1"]
[WhiteTeam "Lebanon"]
[BlackTeam "Scotland"]
[WhiteTeamCountry "LBN"]
[BlackTeamCountry "SCO"]

1. e4 c5 2. Nc3 Nc6 3. Bb5 Nd4 4. Nf3 Nxb5 5. Nxb5 d6 6. d4 Nf6 7. Qe2 a6 8. Nc3 cxd4 9. Nxd4 e5 10. Nf5 h6 11. Ne3 Be6 12. Bd2 Rc8 13. g3 Be7 14. f4 Rxc3 15. Bxc3 Nxe4 16. f5 Bd7 17. Nd5 Bxf5 18. 0-0-0 Nxc3 19. Nxc3 Qc8 20. Rdf1 0-0 21. Kb1 Be6 22. Qd2 Qc6 23. g4 d5 24. Rhg1 d4 25. Nd1 Rc8 26. b3 Bg5 27. Qe2 e4 28. Nf2 Bd5 29. Rg3 Bh4 30. Rh3 Bxf2 31. Qxf2 e3 32. Qf5 e2 0-1

[Event "Olympiad-42"]
[Site "Baku"]
[Date "2016.09.12"]
[Round "10.2"]
[White "Shaw, John"]
[Black "Gomez, John Paul"]
[Result "0-1"]
[WhiteElo "2454"]
[BlackElo "2492"]
[PlyCount "144"]
[EventDate "2016.09.02"]
[EventType "team-swiss"]
[EventRounds "11"]
[EventCountry "AZE"]
[SourceTitle "CBM 175"]
[Source "ChessBase"]
[SourceDate "2016.11.10"]
[SourceVersion "1"]
[SourceVersionDate "2016.11.10"]
[SourceQuality "1"]
[WhiteTeam "Scotland"]
[BlackTeam "Philippines"]
[WhiteTeamCountry "SCO"]
[BlackTeamCountry "PHI"]

1. e4 e6 2. d4 d5 3. Nd2 Nf6 4. e5 Nfd7 5. Bd3 c5 6. c3 Nc6 7. Ne2 a5 8. 0-0 a4 9. f4 a3 10. b3 cxd4 11. Nxd4 Nc5 12. Bc2 Nxd4 13. cxd4 Na6 14. Nf3 Nb4 15. Bd2 Nxc2 16. Qxc2 Be7 17. Rfc1 Bd7 18. Qd3 h6 19. Rc2 0-0 20. Rac1 Bc6 21. Qe3 Kh8 22. h3 Qb6 23. Be1 Rfc8 24. Bh4 Bb4 25. Be1 Bf8 26. Kf2 Qd8 27. Bd2 Bb5 28. Rxc8 Rxc8 29. Rxc8 Qxc8 30. Ne1 Be7 31. Qc3 Qe8 32. Qa5 f6 33. Bb4 Bd8 34. Qxa3 fxe5 35. fxe5 Ba6 36. Bd2 Bh4+ 37. g3 Be7 38. Qc1 Qf8+ 39. Nf3 Bd3 40. Qc3 Be4 41. Bc1 Qf5 42. g4 Bh4+ 43. Ke2 Bxf3+ 44. Qxf3 Qc2+ 45. Bd2 Bg5 46. Qc3 Qxa2 47. Kd3 Qb1+ 48. Ke2 Qa2 49. Kd3 Qa6+ 50. Kc2 Qe2 51. Kc1 Bxd2+ 52. Qxd2 Qf1+ 53. Kb2 Qxh3 54. Qf4 Qg2+ 55. Kc3 Qe4 56. Qg3 Kh7 57. Qg1 Kg6 58. Kb4 Kg5 59. Kc5 Qxg4 60. Qe3+ Kg6 61. Kb6 h5 62. Kxb7 h4 63. b4 h3 64. Qd3+ Kh6 65. b5 Qg2 66. Qe3+ g5 67. Qa3 h2 68. Qf8+ Kh5 69. Qf7+ Kh4 70. Qxe6 h1Q 71. Qh6+ Kg4 72. Qe6+ Kg3 0-1

[Event "Olympiad-42"]
[Site "Baku"]
[Date "2016.09.05"]
[Round "4.2"]
[White "Shaw, John"]
[Black "Ipatov, Alexander"]
[Result "0-1"]
[WhiteElo "2454"]
[BlackElo "2652"]
[PlyCount "126"]
[EventDate "2016.09.02"]
[EventType "team-swiss"]
[EventRounds "11"]
[EventCountry "AZE"]
[SourceTitle "CBM 175"]
[Source "ChessBase"]
[SourceDate "2016.11.10"]
[SourceVersion "1"]
[SourceVersionDate "2016.11.10"]
[SourceQuality "1"]
[WhiteTeam "Scotland"]
[BlackTeam "Turkey"]
[WhiteTeamCountry "SCO"]
[BlackTeamCountry "TUR"]

1. e4 b6 2. d4 Bb7 3. Bd3 g6 4. Nf3 Bg7 5. 0-0 d6 6. Re1 Nd7 7. a4 a6 8. Nbd2 e6 9. Nf1 Ne7 10. Ng3 0-0 11. Be3 e5 12. c3 Kh8 13. dxe5 Nxe5 14. Nxe5 Bxe5 15. Qd2 Ng8 16. Rad1 Bc6 17. Bc2 Qe8 18. f4 Bg7 19. Bd4 f6 20. b3 Nh6 21. c4 Nf7 22. Qc3 Qe7 23. a5 bxa5 24. Qxa5 Nd8 25. e5 fxe5 26. fxe5 Re8 27. Re2 Nb7 28. Qa1 Bxe5 29. Bxe5+ dxe5 30. Rde1 Qc5+ 31. Kh1 Qd4 32. Rxe5 Qxa1 33. Rxe8+ Rxe8 34. Rxa1 a5 35. Kg1 Kg7 36. Kf2 Kf6 37. Rd1 Nc5 38. Ra1 Re5 39. Rd1 Re8 40. Ra1 Ra8 41. Ne2 Ke5 42. g3 Be4 43. Bxe4 Kxe4 44. Ra3 c6 45. h4 Nd3+ 46. Kg2 Rf8 47. Nf4 Nxf4+ 48. gxf4 Rf5 49. Ra4 Kd3 50. c5 Rxc5 51. b4 axb4 52. Rxb4 Rh5 53. Kg3 c5 54. Rb7 c4 55. Rd7+ Ke4 56. Re7+ Kd4 57. Rd7+ Kc5 58. Rc7+ Kb5 59. Kg4 Rc5 60. Rxh7 c3 61. Rb7+ Kc4 62. Rb1 c2 63. Rc1 Kc3 0-1

[Event "BCF-chT1c 1516 (4NCL) Promotion pool"]
[Site "England"]
[Date "2016.03.20"]
[Round "8.121"]
[White "Shaw, John"]
[Black "Wells, Peter K"]
[Result "1/2-1/2"]
[WhiteElo "2439"]
[BlackElo "2442"]
[PlyCount "109"]
[EventDate "2015.11.14"]
[EventType "team-tourn"]
[EventRounds "4"]
[EventCountry "ENG"]
[SourceTitle "CBM 171 Extra"]
[Source "ChessBase"]
[SourceDate "2016.04.26"]
[SourceVersion "1"]
[SourceVersionDate "2016.04.26"]
[SourceQuality "1"]
[WhiteTeam "Wood Green"]
[BlackTeam "White Rose"]
[WhiteTeamCountry "ENG"]
[BlackTeamCountry "ENG"]

1. e4 c5 2. Nc3 Nc6 3. Bb5 Nd4 4. Bc4 a6 5. a4 e6 6. Nge2 Nf6 7. 0-0 d5 8. exd5 exd5 9. Ba2 Bd6 10. d3 Nc6 11. Nf4 Bxf4 12. Bxf4 h6 13. Qd2 Be6 14. Rae1 0-0 15. Ne2 d4 16. Bxe6 fxe6 17. Bxh6 gxh6 18. Qxh6 e5 19. f4 Nh7 20. fxe5 Qg5 21. Qe6+ Kh8 22. Ng3 Rae8 23. Rxf8+ Rxf8 24. Ne4 Qf4 25. Qd6 Nxe5 26. Qxc5 Ng5 27. Qxf8+ Qxf8 28. Nxg5 Ng4 29. Nf3 Qf4 30. h3 Ne3 31. Re2 Qd6 32. b3 Qc5 33. Ne1 Qc7 34. Kf2 Nf5 35. Nf3 Qg3+ 36. Kg1 Qf4 37. Kf2 Qc1 38. g4 Ne3 39. Nxd4 Nd1+ 40. Kf3 Nc3 41. Re8+ Kh7 42. Rd8 Qf1+ 43. Kg3 Qe1+ 44. Kf3 Qf1+ 45. Kg3 Nd1 46. Rd7+ Kg6 47. Nf3 Qf2+ 48. Kf4 Qe3+ 49. Kg3 Nc3 50. h4 Ne2+ 51. Kg2 Nf4+ 52. Kg3 Ne2+ 53. Kg2 Nf4+ 54. Kg3 Ne2+ 55. Kg2 1/2-1/2

[Event "BCF-chT1a 1516 (4NCL)"]
[Site "England"]
[Date "2016.01.23"]
[Round "3.112"]
[White "Hawkins, Jonathan J"]
[Black "Shaw, John"]
[Result "1/2-1/2"]
[WhiteElo "2563"]
[BlackElo "2439"]
[PlyCount "90"]
[EventDate "2015.11.14"]
[EventType "team-tourn"]
[EventRounds "7"]
[EventCountry "ENG"]
[SourceTitle "CBM 170 Extra"]
[Source "ChessBase"]
[SourceDate "2016.02.25"]
[SourceVersion "1"]
[SourceVersionDate "2016.02.25"]
[SourceQuality "1"]
[WhiteTeam "Cheddleton"]
[BlackTeam "Wood Green"]
[WhiteTeamCountry "ENG"]
[BlackTeamCountry "ENG"]

1. d4 d5 2. c4 dxc4 3. e4 e5 4. Nf3 exd4 5. Bxc4 Nc6 6. 0-0 Bc5 7. Ng5 Nh6 8. Nxf7 Nxf7 9. Bxf7+ Kxf7 10. Qh5+ g6 11. Qxc5 Qe7 12. Qxe7+ Nxe7 13. Nd2 b6 14. b4 Ba6 15. Rd1 Nc6 16. a3 Rhd8 17. Bb2 Ne5 18. Nb3 Nd3 19. Bxd4 Bc4 20. Nd2 Rxd4 21. Nxc4 Rxc4 22. Rxd3 Rxe4 23. f3 Re7 24. Rc1 Ke8 25. Rdc3 Kd8 26. a4 Kc8 27. f4 Kb7 28. Kf2 Rd8 29. Kf3 Rd4 30. Rc4 Rd3+ 31. Kg4 Rd2 32. R4c2 Rxc2 33. Rxc2 Re4 34. Rb2 h6 35. Kf3 Rc4 36. g4 Kc6 37. h4 h5 38. gxh5 gxh5 39. b5+ Kd5 40. Re2 Rc3+ 41. Kf2 Kd4 42. Re5 Rc5 43. Re7 Rc2+ 44. Kf3 Rc3+ 45. Kf2 Rc2+ 1/2-1/2

[Event "BCF-chT1a 1516 (4NCL)"]
[Site "England"]
[Date "2015.11.14"]
[Round "1.132"]
[White "Shaw, John"]
[Black "Collins, Sam E"]
[Result "1/2-1/2"]
[WhiteElo "2439"]
[BlackElo "2456"]
[PlyCount "127"]
[EventDate "2015.11.14"]
[EventType "team-tourn"]
[EventRounds "7"]
[EventCountry "ENG"]
[SourceTitle "CBM 169 Extra"]
[Source "ChessBase"]
[SourceDate "2015.12.18"]
[SourceVersion "1"]
[SourceVersionDate "2015.12.18"]
[SourceQuality "1"]
[WhiteTeam "Wood Green"]
[BlackTeam "Barbican"]
[WhiteTeamCountry "ENG"]
[BlackTeamCountry "ENG"]

1. e4 e5 2. Nf3 Nc6 3. Nc3 Nf6 4. Be2 d5 5. exd5 Nxd5 6. 0-0 Nxc3 7. bxc3 e4 8. Ne1 f5 9. f3 Bc5+ 10. Kh1 0-0 11. d4 exd3 12. cxd3 f4 13. d4 Bd6 14. Nd3 Qh4 15. Qe1 Qh5 16. Nf2 Bf5 17. Bd3 Rae8 18. Qd1 Ne7 19. Ne4 Kh8 20. c4 Bxe4 21. fxe4 Qxd1 22. Rxd1 c5 23. Ba3 Nc6 24. Bxc5 Bxc5 25. dxc5 Re5 26. Rab1 Rf7 27. Be2 g6 28. Rd5 Rxe4 29. Bd3 Re3 30. Kg1 Ne5 31. Bf1 Kg7 32. Rb3 Re4 33. Bd3 Nxd3 34. Rbxd3 Rxc4 35. Kf2 Rc2+ 36. Kf3 Rxa2 37. Rd7 Rb2 38. Rxf7+ Kxf7 39. Rd7+ Ke6 40. Rxh7 a5 41. Rh8 Kd5 42. Ra8 Rb5 43. Kxf4 Kxc5 44. Kg5 Rb2 45. g4 Kb4 46. h4 Rh2 47. Rh8 a4 48. Kxg6 a3 49. h5 a2 50. Ra8 Rc2 51. Rxa2 Rxa2 52. h6 Kc5 53. h7 Rh2 54. Kg7 Kd6 55. h8Q Rxh8 56. Kxh8 Ke5 57. Kg7 b5 58. g5 b4 59. Kf7 b3 60. g6 b2 61. g7 b1Q 62. g8Q Qa2+ 63. Kg7 Qxg8+ 64. Kxg8 1/2-1/2

[Event "BCF-chT1a 1415 (4NCL)"]
[Site "England"]
[Date "2015.01.10"]
[Round "3.113"]
[White "Ledger, Andrew"]
[Black "Shaw, John"]
[Result "0-1"]
[WhiteElo "2396"]
[BlackElo "2424"]
[PlyCount "112"]
[EventDate "2014.11.15"]
[EventType "team-swiss"]
[EventRounds "11"]
[EventCountry "ENG"]
[SourceTitle "EXT 2016"]
[Source "ChessBase"]
[SourceDate "2015.10.08"]
[SourceVersion "1"]
[SourceVersionDate "2015.10.08"]
[SourceQuality "1"]
[WhiteTeam "Blackthorne Russia"]
[BlackTeam "Wood Green"]
[WhiteTeamCountry "ENG"]
[BlackTeamCountry "ENG"]

1. c4 e5 2. g3 c6 3. d4 e4 4. Nc3 d5 5. Bg2 Nf6 6. cxd5 cxd5 7. Bg5 Nbd7 8. Qb3 Bd6 9. e3 h6 10. Bf4 Bxf4 11. gxf4 Nb6 12. Nge2 Be6 13. Ng3 Qd7 14. Qb5 0-0 15. Qxd7 Bxd7 16. b3 Rfc8 17. Rc1 Rc7 18. f3 Rac8 19. Kd2 exf3 20. Bxf3 Kf8 21. Nh5 Bg4 22. Nxf6 Bxf3 23. Rhf1 Ke7 24. Rxf3 Kxf6 25. Rg3 g6 26. Rh3 Kg7 27. Ne2 Rxc1 28. Nxc1 Nd7 29. Ne2 Nf6 30. Nc3 b5 31. a3 a5 32. Rf3 b4 33. axb4 axb4 34. Na2 Ra8 35. Nxb4 Rb8 36. Na2 Rxb3 37. Kc2 Ra3 38. Kb2 Ra5 39. Nc3 Kf8 40. h3 Ke7 41. Rf1 Ne4 42. Nxe4 dxe4 43. Kb3 Rh5 44. Rh1 g5 45. fxg5 hxg5 46. Kc4 Ke6 47. d5+ Ke5 48. Rd1 Rh6 49. Rg1 Rxh3 50. Rxg5+ f5 51. Rg6 Rxe3 52. Re6+ Kf4 53. d6 Rd3 54. Kc5 e3 55. Kc6 Kf3 56. d7 e2 0-1

[Event "Olympiad-41"]
[Site "Tromsoe"]
[Date "2014.08.09"]
[Round "7.3"]
[White "Shaw, John"]
[Black "Astaneh Lopez, Alex"]
[Result "1-0"]
[WhiteElo "2419"]
[BlackElo "2419"]
[PlyCount "59"]
[EventDate "2014.08.02"]
[EventType "team-swiss"]
[EventRounds "11"]
[EventCountry "NOR"]
[SourceTitle "CBM 162"]
[Source "ChessBase"]
[SourceDate "2014.09.17"]
[SourceVersion "1"]
[SourceVersionDate "2014.09.17"]
[SourceQuality "1"]
[WhiteTeam "Scotland"]
[BlackTeam "Ireland"]
[WhiteTeamCountry "SCO"]
[BlackTeamCountry "IRL"]

1. e4 c5 2. Nc3 Nc6 3. Bb5 e6 4. Bxc6 bxc6 5. d3 d6 6. f4 f6 7. Nf3 e5 8. 0-0 Be7 9. Qe1 Qd7 10. h3 exf4 11. Bxf4 h5 12. Nh4 g5 13. Ng6 Rh6 14. Nxe7 Qxe7 15. Be3 Rg6 16. a3 h4 17. b4 Qg7 18. Ne2 g4 19. Nf4 Rg5 20. Qxh4 gxh3 21. Rf2 Ne7 22. Kh2 Bg4 23. Nxh3 Rg6 24. Raf1 cxb4 25. axb4 Kd7 26. Rxf6 Be6 27. Rxg6 Nxg6 28. Qg5 Rg8 29. Rf6 Qh7 30. Rxe6 1-0

[Event "Olympiad-41"]
[Site "Tromsoe"]
[Date "2014.08.05"]
[Round "4.3"]
[White "Masango, Spencer"]
[Black "Shaw, John"]
[Result "1/2-1/2"]
[WhiteElo "2155"]
[BlackElo "2419"]
[PlyCount "110"]
[EventDate "2014.08.02"]
[EventType "team-swiss"]
[EventRounds "11"]
[EventCountry "NOR"]
[SourceTitle "CBM 162"]
[Source "ChessBase"]
[SourceDate "2014.09.17"]
[SourceVersion "1"]
[SourceVersionDate "2014.09.17"]
[SourceQuality "1"]
[WhiteTeam "Zimbabwe"]
[BlackTeam "Scotland"]
[WhiteTeamCountry "ZIM"]
[BlackTeamCountry "SCO"]

1. Nf3 d5 2. c4 c6 3. d4 Nf6 4. Nc3 dxc4 5. a4 Na6 6. e3 Bg4 7. Bxc4 e6 8. h3 Bh5 9. 0-0 Be7 10. b3 Nb4 11. Bb2 0-0 12. Be2 Nd7 13. e4 Qa5 14. Qd2 Na6 15. g4 Bg6 16. Nd5 Bb4 17. Nxb4 Qxb4 18. Bc3 Qe7 19. d5 cxd5 20. exd5 exd5 21. Qd4 Qf6 22. Qxf6 Nxf6 23. Bxf6 gxf6 24. Bxa6 bxa6 25. Nd4 Rfe8 26. Rac1 Rac8 27. Rfe1 Rxe1+ 28. Rxe1 Kf8 29. f3 Rc3 30. Rd1 Ke7 31. h4 h6 32. Kf2 Kd6 33. Ne2 Rd3 34. Rxd3 Bxd3 35. Nd4 Kc5 36. Ke3 Bh7 37. a5 Kb4 38. Nc6+ Kb5 39. Nxa7+ Kxa5 40. Kd4 Kb4 41. Kxd5 Kxb3 42. Nc6 Bd3 43. f4 Kc3 44. Kc5 Bb5 45. Ne7 Be2 46. Nd5+ Kb3 47. Kb6 Bxg4 48. Kxa6 Bf3 49. Nxf6 Kc4 50. h5 Kd4 51. Ng8 Bxh5 52. Nxh6 f6 53. Ng8 f5 54. Ne7 Ke4 55. Nxf5 Kxf5 1/2-1/2

[Event "Olympiad-41"]
[Site "Tromsoe"]
[Date "2014.08.03"]
[Round "2.3"]
[White "Shaw, John"]
[Black "Safarli, Eltaj"]
[Result "0-1"]
[WhiteElo "2419"]
[BlackElo "2649"]
[PlyCount "78"]
[EventDate "2014.08.02"]
[EventType "team-swiss"]
[EventRounds "11"]
[EventCountry "NOR"]
[SourceTitle "CBM 162"]
[Source "ChessBase"]
[SourceDate "2014.09.17"]
[SourceVersion "1"]
[SourceVersionDate "2014.09.17"]
[SourceQuality "1"]
[WhiteTeam "Scotland"]
[BlackTeam "Azerbaijan"]
[WhiteTeamCountry "SCO"]
[BlackTeamCountry "AZE"]

1. e4 c5 2. b3 g6 3. Bb2 Nf6 4. Qf3 Bg7 5. e5 Ng8 6. e6 Nf6 7. exf7+ Kxf7 8. g4 h6 9. Nc3 Nc6 10. 0-0-0 Nd4 11. Qg3 d5 12. h3 a6 13. f4 h5 14. g5 h4 15. Qf2 Nh5 16. Nxd5 Ng3 17. Bg2 Nxh1 18. Bxh1 Be6 19. Ne3 Qd7 20. c3 Rac8 21. Kb1 Nf5 22. Be4 Nxe3 23. Qxe3 Bf5 24. Nf3 Bxe4+ 25. Qxe4 Qxh3 26. Qxb7 Qf5+ 27. Kc1 h3 28. Re1 h2 29. Qxe7+ Kg8 30. Rh1 Rh3 31. Qe2 Qg4 32. Qc4+ Kh7 33. Nxh2 Qg2 34. Rd1 Rxh2 35. f5 gxf5 36. Qf7 Qxg5 37. c4 Rf8 38. Qc7 f4 39. Re1 Kh8 0-1

[Event "BCF-chT1d 1314 (4NCL) Demotion pool"]
[Site "England"]
[Date "2014.05.03"]
[Round "9.184"]
[White "Bisby, Daniel L"]
[Black "Shaw, John"]
[Result "0-1"]
[WhiteElo "2311"]
[BlackElo "2422"]
[PlyCount "70"]
[EventDate "2013.11.16"]
[EventType "team-tourn"]
[EventRounds "4"]
[EventCountry "ENG"]
[SourceTitle "EXT 2015"]
[Source "ChessBase"]
[SourceDate "2014.11.20"]
[SourceVersion "1"]
[SourceVersionDate "2014.11.20"]
[SourceQuality "1"]
[WhiteTeam "Cambridge"]
[BlackTeam "Wood Green Hilsmark II"]
[WhiteTeamCountry "ENG"]
[BlackTeamCountry "ENG"]

1. e4 d6 2. d4 Nf6 3. Nc3 e5 4. Nf3 Nbd7 5. Bc4 Be7 6. 0-0 0-0 7. Re1 c6 8. a4 h6 9. a5 Re8 10. h3 Qc7 11. Be3 Nf8 12. d5 Ng6 13. Qd2 Bf8 14. b4 Bd7 15. a6 cxd5 16. axb7 Qxb7 17. Nxd5 Nxd5 18. Bxd5 Bc6 19. Bxc6 Qxc6 20. Rxa7 Rxa7 21. Bxa7 Rc8 22. c3 Nf4 23. g3 Nxh3+ 24. Kg2 Ng5 25. Nxg5 hxg5 26. Qd5 Qxc3 27. Rb1 Qc2 28. Rb3 Rc4 29. Rf3 Qxe4 30. Qxf7+ Kh7 31. Qh5+ Kg8 32. Qf7+ Kh7 33. g4 Qxg4+ 34. Rg3 Rf4 35. Qd5 Qd7 0-1

[Event "BCF-chT1b 1314 (4NCL)"]
[Site "England"]
[Date "2013.11.17"]
[Round "2.157"]
[White "Shaw, John"]
[Black "McClement, Andrew"]
[Result "1-0"]
[WhiteElo "2422"]
[BlackElo "2194"]
[PlyCount "51"]
[EventDate "2013.11.16"]
[EventType "team-tourn"]
[EventRounds "7"]
[EventCountry "ENG"]
[SourceTitle "EXT 2015"]
[Source "ChessBase"]
[SourceDate "2014.11.20"]
[SourceVersion "1"]
[SourceVersionDate "2014.11.20"]
[SourceQuality "1"]
[WhiteTeam "Wood Green Hilsmark"]
[BlackTeam "Cambridge"]
[WhiteTeamCountry "ENG"]
[BlackTeamCountry "ENG"]

1. e4 c5 2. f4 Nc6 3. Nf3 d5 4. exd5 Qxd5 5. Nc3 Qd8 6. Bb5 Bd7 7. 0-0 Nf6 8. Ne5 Nd4 9. Nxd7 Nxd7 10. Bc4 e6 11. b3 Be7 12. Bb2 0-0 13. Ne2 Nxe2+ 14. Qxe2 Bf6 15. Bxf6 Nxf6 16. Rae1 Qd4+ 17. Qe3 Qxe3+ 18. Rxe3 Rfd8 19. f5 Rxd2 20. fxe6 Rxc2 21. e7 a6 22. Rxf6 gxf6 23. e8Q+ Rxe8 24. Rxe8+ Kg7 25. a4 Rb2 26. Rb8 1-0

[Event "London Classic op 4th"]
[Site "London"]
[Date "2012.12.08"]
[Round "8"]
[White "Chapman, Terry PD"]
[Black "Shaw, John"]
[Result "1/2-1/2"]
[WhiteElo "2279"]
[BlackElo "2435"]
[PlyCount "81"]
[EventDate "2012.12.01"]
[EventType "swiss"]
[EventRounds "9"]
[EventCountry "ENG"]
[SourceTitle "EXT 2014"]
[Source "ChessBase"]
[SourceDate "2013.11.20"]
[SourceVersion "1"]
[SourceVersionDate "2013.11.20"]
[SourceQuality "1"]

1. Nf3 d6 2. d4 Nf6 3. Nc3 Nbd7 4. e4 e5 5. Bc4 Be7 6. 0-0 0-0 7. Re1 c6 8. a4 h6 9. Ba2 Re8 10. Nh4 exd4 11. Qxd4 d5 12. exd5 Bc5 13. Rxe8+ Qxe8 14. Qd1 Ng4 15. Be3 Nxe3 16. fxe3 Qxe3+ 17. Kh1 Nf6 18. Qf3 Qg5 19. Ne4 Qxh4 20. Nxc5 cxd5 21. Bxd5 Qd4 22. Bxb7 Qxb2 23. Qa3 Qxa3 24. Rxa3 Bxb7 25. Nxb7 Rc8 26. Ra2 Ne4 27. g3 f5 28. Na5 Kf7 29. Rb2 Kf6 30. c4 Nc5 31. Kg2 Rc7 32. Rb4 Ke5 33. Nb3 Nxb3 34. Rxb3 Kd4 35. Rb5 g6 36. Ra5 Kxc4 37. Ra6 g5 38. Rxh6 g4 39. Rf6 Rc5 40. Ra6 Kd3 41. Rxa7 1/2-1/2

[Event "London Classic op 4th"]
[Site "London"]
[Date "2012.12.07"]
[Round "7"]
[White "Shaw, John"]
[Black "Jackson, James P"]
[Result "1/2-1/2"]
[WhiteElo "2435"]
[BlackElo "2222"]
[PlyCount "110"]
[EventDate "2012.12.01"]
[EventType "swiss"]
[EventRounds "9"]
[EventCountry "ENG"]
[SourceTitle "CBM 151 Extra"]
[Source "ChessBase"]
[SourceDate "2012.12.18"]
[SourceVersion "1"]
[SourceVersionDate "2012.12.18"]
[SourceQuality "1"]

1. e4 c5 2. f4 d5 3. Bb5+ Bd7 4. Bxd7+ Qxd7 5. d3 e6 6. Nf3 Nc6 7. Qe2 0-0-0 8. 0-0 f6 9. Na3 Bd6 10. c3 Nh6 11. Nc2 Bc7 12. Be3 Bb6 13. h3 Nf7 14. Rad1 d4 15. cxd4 cxd4 16. Bd2 f5 17. b4 Nd6 18. Ne5 Nxe5 19. fxe5 Nxe4 20. Be1 Kb8 21. Kh1 Nc3 22. Bxc3 dxc3 23. d4 g6 24. Rf3 Rc8 25. Rdd3 Qd5 26. a4 a6 27. Rxc3 Rxc3 28. Rxc3 Rc8 29. Qd3 Rc6 30. Kh2 g5 31. Rxc6 Qxc6 32. a5 Ba7 33. g4 Qe4 34. Qxe4 fxe4 35. h4 gxh4 36. Kh3 e3 37. Kxh4 e2 38. d5 Be3 39. dxe6 Kc8 40. Kg3 Bd2 41. Kf2 e1Q+ 42. Nxe1 Bxb4 43. Nd3 Bxa5 44. Kf3 Bd8 45. Ke4 Be7 46. Nf4 a5 47. Nd5 Kd8 48. Nf6 a4 49. Kd3 h6 50. Nd5 b5 51. Kc2 b4 52. Nb6 a3 53. Kb3 Bc5 54. Nd5 Ke8 55. Ka2 Kd8 1/2-1/2

[Event "London Classic op 4th"]
[Site "London"]
[Date "2012.12.06"]
[Round "6"]
[White "Roberson, Peter T"]
[Black "Shaw, John"]
[Result "1-0"]
[WhiteElo "2350"]
[BlackElo "2435"]
[PlyCount "111"]
[EventDate "2012.12.01"]
[EventType "swiss"]
[EventRounds "9"]
[EventCountry "ENG"]
[SourceTitle "CBM 151 Extra"]
[Source "ChessBase"]
[SourceDate "2012.12.18"]
[SourceVersion "1"]
[SourceVersionDate "2012.12.18"]
[SourceQuality "1"]

1. e4 d5 2. exd5 Qxd5 3. Nc3 Qa5 4. Bc4 Nf6 5. d3 c6 6. Bd2 Qc7 7. Qe2 g6 8. Nf3 Bg7 9. 0-0 0-0 10. Rfe1 e6 11. Rad1 b5 12. Bb3 Nbd7 13. Ne4 Nxe4 14. dxe4 a5 15. c3 e5 16. Be3 a4 17. Bc2 Nb6 18. b3 f6 19. Bxb6 Qxb6 20. bxa4 Be6 21. Bb3 Bxb3 22. axb3 bxa4 23. Qc4+ Kh8 24. bxa4 Qa6 25. Qxa6 Rxa6 26. Rd6 Bh6 27. g3 Kg7 28. Ra1 Rfa8 29. Rd7+ Kg8 30. Rb1 Rxa4 31. Rbb7 Ra2 32. Rxh7 Rb2 33. Rxb2 Kxh7 34. Rb7+ Kg8 35. Rc7 Ra1+ 36. Kg2 Ra2 37. Nh4 Be3 38. Nxg6 Rxf2+ 39. Kh3 Rc2 40. Kg4 Rxh2 41. Ne7+ Kf8 42. Kf5 Bg5 43. Nxc6 Rf2+ 44. Kg6 Ke8 45. Re7+ Kf8 46. Rd7 Rd2 47. Rxd2 Bxd2 48. Kxf6 Bxc3 49. Nxe5 Be1 50. g4 Bh4+ 51. g5 Ke8 52. Nc4 Bf2 53. Nd6+ Kf8 54. Nf5 Be1 55. g6 Bc3+ 56. e5 1-0

[Event "BCF-chT1c 1011 (4NCL) Promotion pool"]
[Site "England"]
[Date "2011.04.30"]
[Round "9.11"]
[White "Tiviakov, Sergei"]
[Black "Shaw, John"]
[Result "1-0"]
[WhiteElo "2621"]
[BlackElo "2439"]
[PlyCount "81"]
[EventDate "2010.11.06"]
[EventType "team-tourn"]
[EventRounds "4"]
[EventCountry "ENG"]
[SourceTitle "EXT 2012"]
[Source "ChessBase"]
[SourceDate "2011.11.24"]
[SourceVersion "1"]
[SourceVersionDate "2011.11.24"]
[SourceQuality "1"]
[WhiteTeam "Pride and Prejudice"]
[BlackTeam "White Rose"]
[WhiteTeamCountry "ENG"]
[BlackTeamCountry "ENG"]

1. e4 d6 2. d4 Nf6 3. Nc3 e5 4. Nf3 Nbd7 5. Bc4 Be7 6. 0-0 0-0 7. a4 c6 8. Re1 b6 9. d5 cxd5 10. Bxd5 Nxd5 11. Nxd5 Nf6 12. Nxf6+ Bxf6 13. c4 Bb7 14. b3 Be7 15. Qd3 f5 16. exf5 e4 17. Rxe4 Bxe4 18. Qxe4 Bf6 19. Qd5+ Kh8 20. Rb1 Be5 21. g4 h6 22. Be3 Qf6 23. Rd1 Rab8 24. Kg2 Kh7 25. h3 a6 26. Rd3 Qe7 27. Qe4 Bf6 28. Qxe7 Bxe7 29. Rd5 Rfc8 30. Nd2 g6 31. fxg6+ Kxg6 32. Ne4 Rc6 33. Bf4 Rd8 34. Kg3 Bf8 35. h4 Be7 36. Be3 Rf8 37. f4 Kh7 38. h5 Re8 39. Bd4 Bh4+ 40. Kf3 Re6 41. g5 1-0

[Event "BCF-chT1c 1011 (4NCL) Promotion pool"]
[Site "England"]
[Date "2011.03.27"]
[Round "8.12"]
[White "Shaw, John"]
[Black "Hunt, Adam"]
[Result "1/2-1/2"]
[WhiteElo "2439"]
[BlackElo "2440"]
[PlyCount "41"]
[EventDate "2010.11.06"]
[EventType "team-tourn"]
[EventRounds "4"]
[EventCountry "ENG"]
[SourceTitle "EXT 2012"]
[Source "ChessBase"]
[SourceDate "2011.11.24"]
[SourceVersion "1"]
[SourceVersionDate "2011.11.24"]
[SourceQuality "1"]
[WhiteTeam "White Rose"]
[BlackTeam "Betsson.com"]
[WhiteTeamCountry "ENG"]
[BlackTeamCountry "ENG"]

1. Nf3 Nf6 2. e3 g6 3. b3 Bg7 4. Bb2 0-0 5. c4 d6 6. d4 e5 7. dxe5 Ng4 8. Be2 Nc6 9. h3 Ngxe5 10. Nxe5 dxe5 11. Qxd8 Rxd8 12. Bc3 f5 13. Nd2 e4 14. Bxg7 Kxg7 15. 0-0-0 Be6 16. Nb1 Rxd1+ 17. Rxd1 Rd8 18. Rxd8 Nxd8 19. h4 Nf7 20. Nc3 c6 21. Kd2 1/2-1/2

[Event "DEN-chT 1011 49th"]
[Site "Denmark"]
[Date "2010.11.07"]
[Round "2.4"]
[White "Shaw, John"]
[Black "Brinck Claussen, Bjorn"]
[Result "1/2-1/2"]
[WhiteElo "2439"]
[BlackElo "2262"]
[PlyCount "108"]
[EventDate "2010.11.06"]
[EventType "team-tourn"]
[EventRounds "9"]
[EventCountry "DEN"]
[SourceTitle "EXT 2012"]
[Source "ChessBase"]
[SourceDate "2011.11.24"]
[SourceVersion "1"]
[SourceVersionDate "2011.11.24"]
[SourceQuality "1"]
[WhiteTeam "Sydostfyn"]
[BlackTeam "BMS"]
[WhiteTeamCountry "DEN"]
[BlackTeamCountry "DEN"]

1. e4 c5 2. d3 Nc6 3. g3 g6 4. Bg2 Bg7 5. f4 e6 6. Nf3 Nge7 7. 0-0 d5 8. e5 Nf5 9. c3 Rb8 10. Na3 b5 11. g4 Nfe7 12. d4 b4 13. cxb4 cxb4 14. Nc2 f6 15. exf6 Bxf6 16. b3 0-0 17. Be3 Bd7 18. Nce1 Nc8 19. Nd3 Nd6 20. Nc5 Ne4 21. Nxe4 dxe4 22. Ne5 Ne7 23. Bxe4 Bb5 24. Rf2 Nd5 25. Qd2 Nc3 26. Bf3 Nd5 27. Rc1 Bh4 28. Rg2 Nxe3 29. Qxe3 Qf6 30. Be2 Qxf4 31. Qxf4 Rxf4 32. Bxb5 Rxb5 33. Rc8+ Rf8 34. Rxf8+ Kxf8 35. Rc2 Rd5 36. Rc8+ Kg7 37. Rc7+ Kg8 38. Nf3 Bf6 39. Rc4 Ra5 40. Rc2 h5 41. gxh5 gxh5 42. Kf2 Kf7 43. Ke3 e5 44. dxe5 Bxe5 45. Nxe5+ Rxe5+ 46. Kd4 Re7 47. Rf2+ Kg6 48. Kc5 a5 49. Kd6 Re3 50. Kd5 Kg5 51. Kd4 Re8 52. Rg2+ Kh4 53. Kc4 Re5 54. Kd4 Rf5 1/2-1/2